Fr. Conceicao Rodrigues College of Engineering

Design and development of Medical electronic instrumentation (Record no. 25608)

MARC details
000 -LEADER
fixed length control field 00438nam a2200169Ia 4500
082 ## - DEWEY DECIMAL CLASSIFICATION NUMBER
Classification number 610.28
Item number PRU
100 ## - MAIN ENTRY--PERSONAL NAME
Personal name Prutchi/David/ Norris/M
245 ## - TITLE STATEMENT
Title Design and development of Medical electronic instrumentation
260 ## - PUBLICATION, DISTRIBUTION, ETC.
Name of publisher, distributor, etc. Wiley Interscience
Date of publication, distribution, etc. 2005
366 ## - TRADE AVAILABILITY INFORMATION
Publishers's discount category 25
300 ## - PHYSICAL DESCRIPTION
Extent 461
546 ## - LANGUAGE NOTE
Language note ENGLISH
-- TTL
650 ## - SUBJECT ADDED ENTRY--TOPICAL TERM
Topical term or geographic name entry element Medical instrumentation
654 ## - SUBJECT ADDED ENTRY--FACETED TOPICAL TERMS
Focus term medical electronic instrumentation
942 ## - ADDED ENTRY ELEMENTS (KOHA)
Koha item type Reference Book
Holdings
Withdrawn status Lost status Damaged status Not for loan Collection Home library Current library Date acquired Source of acquisition Cost, normal purchase price Inventory number Total Checkouts Full call number Barcode Date last seen Cost, replacement price Price effective from Koha item type
        CRC Fr. Agnel's C.Rodrigues College of Engineering Fr. Agnel's C.Rodrigues College of Engineering 17/03/2023 Milan Book Supplier 5803.50 2112 dt 25/05/2010   610.28 PRU 20682 17/03/2023 7738.00   Reference Book